ბათუმის შოთა რუსთაველის სახელმწიფო უნივერსიტეტის ბიბლიოთეკა

ნეოპლატონიზმი: მოძღვრება და მისი რეცეფცია : (ბიბ.ჩანაწერი № 58665)

000 -ლიდერი
ფიქსირებული სიგრძის საკონტროლო ველი 02149nam a22003257a 4500
003 - საკონტროლო ნომრის იდენტიფიკატორი
საკონტროლო ველი Ge_BSU
005 - ბოლო ოპერაციის თარიღი და დრო
საკონტროლო ველი 20220623141620.0
008 - ფიქსირებული სიგრძის მონაცემთა ელემენტები - ზოგადი ინფორმაცია
ფიქსირებული სიგრძის საკონტროლო ველი 220623s2021 ge ||||| |||| 00| 0 geo d
020 ## - წიგნის საერთაშორისო სტანდარტული ნომერი
International Standard Book Number 9789941183485
041 ## - ენის კოდი
Language code of text/sound track or separate title geo
080 ## - უნივერსალური ათობითი კლასიფიკაციის ინდექსი
Universal Decimal Classification number 141.131+ 1(479.22) ნ-40
245 ## - ცნობა სათაურის შესახებ
Title ნეოპლატონიზმი: მოძღვრება და მისი რეცეფცია :
Remainder of title [კრებული] /
Statement of responsibility, etc თამარ ცოფურაშვილი (ედიტორი) ; ილიას სახელმწ. უნივერსიტეტი, სავლე წერეთლის ფილოსოფიის ინსტიტუტი.
264 ## - წარმოების, გამოცემის, დისტრიბუციის და სხვა ცნობები
გამოცემის, წარმოების, დისტრიბუციის... ადგილი თბილისი :
გამოცემის, წარმოების, დისტრიბუციის... სახელწოდება ილიას სახელმწიფო უნივერსიტეტის გამომცემლობა,
გამოცემის, წარმოების, დისტრიბუციის... თარიღი 2021.
300 ## - ფიზიკური აღწერა
Extent 216 გვ. ;
Other physical details 20 სმ.
500 ## - ზოგადი შენიშვნა
General note ეძღვნება გურამ თევზაძის ხსოვნას.
501 ## - შენიშვნა თანმხლებ მასალაზე
With note სახელთა საძიებელი: გვ. 211-215.
504 ## - BIBLIOGRAPHY, ETC. NOTE
Bibliography, etc ბიბლიოგრაფია ტექსტის შენიშვნებში.
653 ## - INDEX TERM--UNCONTROLLED
Uncontrolled term ნეოპლატონიზმი.
653 ## - INDEX TERM--UNCONTROLLED
Uncontrolled term ქართული ფილოსოფია.
700 ## - ADDED ENTRY--PERSONAL NAME
Personal name მაცაბერიძე, მალხაზ
Relator term ავტორი
9 (RLIN) 1009
700 ## - ADDED ENTRY--PERSONAL NAME
Personal name ქირია, ანა
Relator term ავტორი
9 (RLIN) 14214
700 ## - ADDED ENTRY--PERSONAL NAME
Personal name ხუბულავა, თამარ
Relator term ავტორი
9 (RLIN) 14215
700 ## - ADDED ENTRY--PERSONAL NAME
Personal name ლაშხია, მაკა
Relator term ავტორი
9 (RLIN) 14216
700 ## - ADDED ENTRY--PERSONAL NAME
Personal name ზედანია, გიგა
Relator term ავტორი
9 (RLIN) 14217
700 ## - ADDED ENTRY--PERSONAL NAME
Personal name ცოფურაშვილი, თამარ
Relator term ავტორი, რედაქტორი
9 (RLIN) 11793
700 ## - ADDED ENTRY--PERSONAL NAME
Personal name კუჭუხიძე, ლუკა
Relator term ავტორი
9 (RLIN) 14218
700 ## - ADDED ENTRY--PERSONAL NAME
Personal name მათიაშვილი, ლაშა
Relator term ავტორი
9 (RLIN) 14219
710 ## - ADDED ENTRY--CORPORATE NAME
Corporate name or jurisdiction name as entry element სავლე წერეთლის ფილოსოფიის ინსტიტუტი
9 (RLIN) 14220
942 ## - ADDED ENTRY ELEMENTS (KOHA)
Source of classification or shelving scheme
Koha item type წიგნი
ეგზემპლარები
ჩამოწერის სტატუსი დაკარგული ეგზემპლარის სტატუსი კლასიფიკაციის წყარო ან თაროზე გაწყობის სქემა დაზიანების სტატუსი არ გაიცემა მუდმივი მდებარეობა (დაცვის ადგილი) ამჟამინდელი ადგილსამყოფელი თაროზე განთავსების ადგილი შეძენის თარიღი ღირებულება, შესყიდვის ნორმალური ფასი სრული შენახვის შიფრი შტრიხკოდი ბოლო ოპერაციის თარიღი ეგზემპლარის მიმდევრობითი ნომერი (კეტერი?) ფასის ძალაში შესვლის თარიღი ეგზემპლარის სახეობა საჯარო შენიშვნა
          ბათუმის შოთა რუსთაველის სახელმწიფო უნივერსიტეტის მთავარი ბიბლიოთეკა ბათუმის შოთა რუსთაველის სახელმწიფო უნივერსიტეტის მთავარი ბიბლიოთეკა წიგნსაცავი 2022-06-23 10.00 141.131+ 1(479.22) ნ-40 62852 2022-06-23 62852 2022-06-23 წიგნი 10 ლ.
          ბათუმის შოთა რუსთაველის სახელმწიფო უნივერსიტეტის მთავარი ბიბლიოთეკა ბათუმის შოთა რუსთაველის სახელმწიფო უნივერსიტეტის მთავარი ბიბლიოთეკა წიგნსაცავი 2022-06-23 10.00 141.131+ 1(479.22) ნ-40 62853 2022-06-23 62853 2022-06-23 წიგნი 10 ლ.
          ბათუმის შოთა რუსთაველის სახელმწიფო უნივერსიტეტის მთავარი ბიბლიოთეკა ბათუმის შოთა რუსთაველის სახელმწიფო უნივერსიტეტის მთავარი ბიბლიოთეკა წიგნსაცავი 2022-06-23 10.00 141.131+ 1(479.22) ნ-40 62854 2022-06-23 62854 2022-06-23 წიგნი 10 ლ.